000 00402nam a2200133Ia 4500
008 211109s9999||||xx |||||||||||||| ||und||
082 _a821
_bSAI-M
100 _aSaintsbury, George,
245 0 _aMathew Arnold Writers Of The Dony I William Blackwood
260 _bNATIONAL BOOKSTALL
_aKottayam
_c1902
630 _xGeneral Stack
650 _aEnglish Literature
_vEnglish Poetry
_xEnglish
942 _cBOOK
999 _c3480
_d3480